Vista normal
Vista MARC
Entrada Nombre de reunión
Número de registros utilizados en: 4
001 - NÚMERO DE CONTROL
- campo de control: 38423
003 - IDENTIFICADOR DE NÚMERO DE CONTROL
- campo de control: OSt
005 - FECHA Y HORA DE LA ÚLTIMA TRANSACCIÓN
- campo de control: 20241004105624.0
008 - ELEMENTOS DE DATO DE LONGITUD-FIJA
- campo de control de longitud fija: 231003|| aca||aabn | a|a d
040 ## - FUENTE DE CATALOGACIÓN
- Centro catalogador/agencia de origen: OSt
111 ## - ENCABEZAMIENTO--NOMBRE DE CONGRESO/REUNIÓN
- Nombre de congreso/reunión o jurisdicción como elemento de entrada: JORNADA MUNDIAL POR EL TRABAJO DECENTE
- Fecha del congreso o de la firma del tratado: 2024